| 000 | 00833nam0a22002531 4500 | ||
|---|---|---|---|
| 001 | rc\122425 | ||
| 005 | 20250620191158.0 | ||
| 010 |
_a5-200-01007-1 _917950 |
||
| 035 | _a(NLR Aleph) 005379452 | ||
| 090 |
_a7084961 _c7084961 |
||
| 100 | _a20021216d1991 |||y0rusy50 ca | ||
| 101 | 0 | _arus | |
| 102 | _aRU | ||
| 105 | _aa ||||||||| | ||
| 200 | 1 |
_aСлово о русском языке _eКн. для чтения студентов-филологов _eИностранцам о рус. яз. _f[Авт.-сост. А.К. Бирих и др.] |
|
| 210 |
_aМ. _cРус. яз. _d1991 |
||
| 215 |
_a367 с. _cил. _d20 |
||
| 320 | _aБиблиогр.: с. 366-367 (45 назв.) | ||
| 702 | 1 |
_aБирих _bА.К. _4220 |
|
| 801 | 0 |
_aRU _bNLR _gpsbo |
|
| 801 | 1 |
_aRU _bELAR _2rusmarc |
|
| 852 |
_aNLR _j91-3/6273 |
||
| 942 | _cBOOK | ||
| 980 | _aNB | ||